000 00493nam a2200181Ia 4500
008 090123s9999 xx 000 0 und d
082 _b11266
_a891.463/थोरे
100 _aथोरे अशोक
245 _aसौदा
250 _a1
260 _bदिलिपराज प्रकाशन
_c1986
300 _a204
600 _aथोरे अशोक
630 _aसौदा
700 _aथोरे अशोक
730 _aसौदा
942 _cBOOK
999 _c49329
_d49329